000 00220nam a22000857a 4500
008 170612b xxu||||| |||| 00| 0 eng d
100 _93351
_aTripathi. S. B
245 _aLab Mathematics- IX
260 _aNew Delhi
_bA. B. D
_c2009
999 _c6688
_d6688